Most Popular Russian Girl Names - Statistics

General Stats
  • This quiz has been taken 4,563 times
  • The average score is 15 of 89
Answer Stats
Name % Correct
Mariya
75%
Anna
71%
Anastasiya
61%
Olga
61%
Ekaterina
58%
Alexandra
50%
Elena
50%
Svetlana
46%
Tatyana
46%
Irina
41%
Sofia
37%
Viktoriya
35%
Darya
34%
Natalya
33%
Yuliya
32%
Marina
31%
Alina
30%
Vera
27%
Ludmila
26%
Elizaveta
24%
Polina
24%
Nina
23%
Veronika
22%
Kseniya
21%
Oksana
21%
Evgeniya
20%
Galina
20%
Lubov
20%
Valentina
20%
Valeriya
20%
Nadezhda
19%
Kristina
18%
Alisa
17%
Alla
17%
Alyona
17%
Diana
17%
Eva
17%
Yana
16%
Larisa
15%
Emma
14%
Tamara
14%
Varvara
14%
Inna
13%
Margarita
13%
Dina
11%
Liliya
11%
Marta
11%
Maya
10%
Emilia
9%
Lidiya
9%
Zoya
9%
Antonina
8%
Klara
8%
Olesya
8%
Raisa
8%
Ulyana
8%
Vasilisa
8%
Albina
7%
Inga
7%
Zhanna
7%
Zinaida
6%
Anfisa
5%
Elvira
5%
Lucya
5%
Nika
5%
Nonna
5%
Regina
5%
Yaroslava
5%
Anzhelika
4%
Izabella
4%
Klavdiya
4%
Lada
4%
Nelly
4%
Renata
4%
Taisia
4%
Dominika
3%
Faina
3%
Fedosia
3%
Florentina
3%
Inessa
3%
Klementina
3%
Rozalina
3%
Vladlena
3%
Zlata
3%
Iskra
2%
Izolda
2%
Kapitolina
2%
Malvina
2%
Rada
2%
No matching quizzes found
Score Distribution
Percent of People with Each Score
Percentile by Number Answered
Your Score History
You have not taken this quiz